书目信息 |
| 题名: |
中华人民共和国药典
|
|
| 作者: | ;中华人民共和国卫生部药典委员会编 编 | |
| 分册: | 一部 | |
| 出版信息: | 北京 人民卫生出版社 1978.12 |
|
| 页数: | 857页 | |
| 开本: | 26cm | |
| 丛书名: | ||
| 单 册: | ||
| 中图分类: | R921.2 | |
| 科图分类: | ||
| 主题词: | 药典 , 药方--汇编 , 药物--鉴定 | |
| 电子资源: | ||
| ISBN: | ||
| 000 | 00732nam0 2200217 45 | |
| 001 | 0181013375 | |
| 005 | 20061122143205.10 | |
| 010 | @b精装@dCNY5.90 | |
| 100 | @a20810111d1978 km y0chiy0120 ea | |
| 101 | 0 | @achi |
| 200 | 1 | @a中华人民共和国药典@AZhong Hua Ren Min Gong He Guo Yao Dian@e一九七七年版@h一部@f中华人民共和国卫生部药典委员会编@Fzhong hua ren min gong he guo wei sheng bu yao dian wei yuan hui bian |
| 210 | @a北京@c人民卫生出版社@d1978.12 | |
| 215 | @a857页@d26cm | |
| 517 | 1 | @a一九七七年版@Ayi jiu qi qi nian ban |
| 606 | 0 | @a药典 |
| 606 | 0 | @a药方@x汇编 |
| 606 | 0 | @a药物@x鉴定 |
| 690 | @aR921.2@v3 | |
| 711 | 02 | @a中华人民共和国卫生部药典委员会编@4编 |
| 801 | @aCN@bTSTC@c20061122 | |
| 905 | @dR921.2@e11(1977):1 | |
| 中华人民共和国药典:一九七七年版.一部/中华人民共和国卫生部药典委员会编.-北京:人民卫生出版社,1978.12 |
| 857页;26cm |
| ISBN (精装):CNY5.90 |
| ● |
| 相关链接 |
|
|
|
|
正题名:中华人民共和国药典
索取号:R921.2/11(1977):1
 
预约/预借
| 序号 | 登录号 | 条形码 | 馆藏地/架位号 | 状态 | 备注 |
| 1 | 0014729 | 000557132 | 第二样本阅览室/ [索取号:R921.2/11(1977):1] | 在馆 |